000 00574nam a22002177a 4500
003 OSt
005 20171130141455.0
008 171129b xxu||||| |||| 00| 0 eng d
020 _a 9780077861759
020 _a9789352607457
040 _cDDC
082 _a338.60 COR 2016
100 _aRoss, Stephen A. [et..al]
_912268
245 _aCorporate Finance
250 _a11th ed.
260 _aNew York; Mcgraw-hill, 2016
300 _axl,1088p; ill; 26cm
504 _aAppendices, glossary, & index included
650 _aCorporate finance
_912269
942 _2z
_cB_BANK
999 _c5893
_d5893